<?xml version="1.0" encoding="UTF-8"?><?xml-stylesheet type="text/xsl" href="static/style.xsl"?><OAI-PMH xmlns="http://www.openarchives.org/OAI/2.0/" xmlns:xsi="http://www.w3.org/2001/XMLSchema-instance" xsi:schemaLocation="http://www.openarchives.org/OAI/2.0/ http://www.openarchives.org/OAI/2.0/OAI-PMH.xsd"><responseDate>2026-04-26T21:59:51Z</responseDate><request verb="GetRecord" identifier="oai:uvadoc.uva.es:10324/18329" metadataPrefix="marc">https://uvadoc.uva.es/oai/request</request><GetRecord><record><header><identifier>oai:uvadoc.uva.es:10324/18329</identifier><datestamp>2021-12-03T07:55:08Z</datestamp><setSpec>com_10324_38</setSpec><setSpec>col_10324_852</setSpec></header><metadata><record xmlns="http://www.loc.gov/MARC21/slim" xmlns:doc="http://www.lyncode.com/xoai" xmlns:xsi="http://www.w3.org/2001/XMLSchema-instance" xmlns:dcterms="http://purl.org/dc/terms/" xsi:schemaLocation="http://www.loc.gov/MARC21/slim http://www.loc.gov/standards/marcxml/schema/MARC21slim.xsd">
<leader>00925njm 22002777a 4500</leader>
<datafield tag="042" ind1=" " ind2=" ">
<subfield code="a">dc</subfield>
</datafield>
<datafield tag="720" ind1=" " ind2=" ">
<subfield code="a">Merino Margüello, Rubén</subfield>
<subfield code="e">author</subfield>
</datafield>
<datafield tag="260" ind1=" " ind2=" ">
<subfield code="c">2016</subfield>
</datafield>
<datafield tag="520" ind1=" " ind2=" ">
<subfield code="a">El presente T.F.G. se ha desarrollado para mejorar un proceso y modernizarlo utilizando un lector de código de barras.&#xd;
El proceso a mejorar, es la lectura de las características en los contadores del laboratorio LACECAL. Se usará el código de barras que tienen impreso para leer las características de cada ítem.&#xd;
Para poder llegar a dicho fin se desarrolla un programa en Visual Basic.NET capaz de realizar dicha labor. Esto permitirá automatizar y aumentar la fiabilidad del proceso.</subfield>
</datafield>
<datafield tag="024" ind2=" " ind1="8">
<subfield code="a">http://uvadoc.uva.es/handle/10324/18329</subfield>
</datafield>
<datafield ind1=" " ind2=" " tag="653">
<subfield code="a">Códigos de barras</subfield>
</datafield>
<datafield ind1=" " ind2=" " tag="653">
<subfield code="a">Datos - Recuperación electrónica</subfield>
</datafield>
<datafield ind1=" " ind2=" " tag="653">
<subfield code="a">Contadores eléctricos</subfield>
</datafield>
<datafield tag="245" ind1="0" ind2="0">
<subfield code="a">Modernización de aplicaciones mediante lectores de códigos</subfield>
</datafield>
</record></metadata></record></GetRecord></OAI-PMH>